LIBRARY ONLINE CATALOGUE

Principles of electrical engineering materials and devices / (Record no. 8847)

MARC details
000 -LEADER
fixed length control field 00714cam a22002292 4500
001 - CONTROL NUMBER
control field 0000019156
005 - DATE AND TIME OF LATEST TRANSACTION
control field 20151217152147.0
008 - FIXED-LENGTH DATA ELEMENTS--GENERAL INFORMATION
fixed length control field 101018s xx 000 0 eng d
020 ## - INTERNATIONAL STANDARD BOOK NUMBER
International Standard Book Number 0071244581
040 ## - CATALOGING SOURCE
Original cataloging agency KABU
Transcribing agency KABU
050 #0 - LIBRARY OF CONGRESS CALL NUMBER
Classification number TK453
Item number .K37 2006
100 1# - MAIN ENTRY--PERSONAL NAME
Personal name Kasap, Safa O.
-- 0000156286
245 10 - TITLE STATEMENT
Title Principles of electrical engineering materials and devices /
Statement of responsibility, etc. S. O. Kasap.
250 ## - EDITION STATEMENT
Edition statement 3rd ed.
260 ## - PUBLICATION, DISTRIBUTION, ETC. (IMPRINT)
Place of publication, distribution, etc. Boston :
Name of publisher, distributor, etc. McGraw-Hill,
Date of publication, distribution, etc. c2006.
300 ## - PHYSICAL DESCRIPTION
Extent xiii, 874 p.
650 #0 - SUBJECT ADDED ENTRY--TOPICAL TERM
Topical term or geographic name as entry element Electric engineering
General subdivision Materials.
-- 0000156287
650 #0 - SUBJECT ADDED ENTRY--TOPICAL TERM
Topical term or geographic name as entry element Electric apparatus and appliances.
-- 0000156288
852 1# - LOCATION
-- p1755 KES
908 ## - PUT COMMAND PARAMETER (RLIN)
Put command parameter 101018
950 ## - LOCAL HOLDINGS (RLIN)
-- 1
Holdings
Withdrawn status Lost status Source of classification or shelving scheme Not for loan Home library Current library Date acquired Total Checkouts Full call number Barcode Date last seen Date last checked out Price effective from Koha item type
    Library of Congress Classification   Kabarak, Main Campus Kabarak, Main Campus 17/12/2015 1 TK453 .K37 2006 c. 1 23739 29/09/2018 24/09/2018 17/12/2015 General Collection